| 000 | 01406 a2200409 4500 | ||
|---|---|---|---|
| 264 |
_aAnkara: _bTOBB ETÜ Fen Bilimleri Enstitüsü, _c2013 |
||
| 999 |
_c200131216 _d16460 |
||
| 001 | 200131216 | ||
| 003 | TR-AnTOB | ||
| 005 | 20260210134041.0 | ||
| 008 | 140116s2013 tu 000 0 | ||
| 040 |
_aTR-AnTOB _cTR-AnTOB |
||
| 041 | 0 | _atur | |
| 099 | _aTEZ TOBB FBE ELE YL'13 KOR | ||
| 100 | 1 |
_aKorkmaz, Halim _995359 |
|
| 245 | 1 | 0 |
_aSabit kanatlı bir insansız hava aracı için takip ve stabilizasyon amaçlı otopilot sistemi geliştirilmesi / _cHalim Korkmaz. |
| 300 |
_axiii 96 sayfa ; _c29 cm. |
||
| 502 | _aTez (Y. Lisans)--TOBB ETÜ Fen Bilimleri Enst. Aralık 2013 | ||
| 504 | _aIncludes bibliographical references. | ||
| 650 | 0 | 0 |
_932546 _aTezler, Akademik |
| 650 | 0 | 0 |
_aDissertations, Academic _932543 |
| 653 | _aAutopilot. | ||
| 653 | _aStabilization. | ||
| 653 | _aPID controller design. | ||
| 653 | _aSystem identification. | ||
| 653 | _aHardware in the Loop System | ||
| 653 | _aUnmanned air vehicles (UAV) | ||
| 653 | _aOtopilot. | ||
| 653 | _aStabilizasyon. | ||
| 653 | _aPID kontrolcü tasarımı. | ||
| 653 | _aSistem tahmini. | ||
| 653 | _aDonanımlı döngü ile benzetim. | ||
| 653 | _aİnsansız hava aracı (İHA) | ||
| 710 | 2 |
_aTOBB Ekonomi ve Teknoloji Üniversitesi. _bFen Bilimleri Enstitüsü _977078 |
|
| 856 | _ahttps://tez.yok.gov.tr/ | ||
| 942 |
_cTEZ _2z |
||